Teoría general de la propiedad: bases para la construcción de un derecho civil realista en el ámbito de la tradición jurídica romana

Spremljeno u:
Bibliografski detalji
Glavni autor: Rengifo Gardeazábal, Mauricio (Autor)
Format: Knjiga
Jezik:španjolski
Izdano: Bogotá Universidad de los Andes 2011
Teme:
Oznake: Dodaj oznaku
Bez oznaka, Budi prvi tko označuje ovaj zapis!

MARC

LEADER 00000cam a2200000 a 4500
001 UCG9698
003 CL-VaPUC
008 120330e20110000CK |||||||||||||||||spa|d
020 |a 9789583508103 
082 0 4 |a 347.0986  |b REN  |2 21 
100 0 |a Rengifo Gardeazábal, Mauricio  |e author  |9 561332 
245 1 0 |a Teoría general de la propiedad: bases para la construcción de un derecho civil realista en el ámbito de la tradición jurídica romana 
300 |a 376 p 
942 |c BK 
945 |d 20120330 00:00:00  |a dcastane 
260 |a Bogotá  |b Universidad de los Andes  |c 2011 
650 0 |a Derecho de propiedad  |9 256450 
650 0 |a Derecho privado  |9 258243 
583 |a last modification  |c 20120330 10:33:00  |k Rodrigo Vera 
999 |c 347244  |d 347242 
952 |0 0  |1 0  |4 0  |6 347_098600000000000_REN_2011  |7 0  |8 A  |9 448477  |a BIBDER  |b BIBDER  |d 2019-11-22  |i 4846389  |o 347.0986 REN 2011  |p 4846389  |r 2023-01-25  |w 2019-11-22  |y BK  |k DER